<?xml version="1.0" encoding="UTF-8"?>
<record
    xmlns:xsi="http://www.w3.org/2001/XMLSchema-instance"
    xsi:schemaLocation="http://www.loc.gov/MARC21/slim http://www.loc.gov/standards/marcxml/schema/MARC21slim.xsd"
    xmlns="http://www.loc.gov/MARC21/slim">

  <leader>02357nam a2200301 a 4500</leader>
  <controlfield tag="003">DO-SdBNP</controlfield>
  <controlfield tag="005">20250211100819.0</controlfield>
  <controlfield tag="007">ta</controlfield>
  <controlfield tag="008">220718e2012    dr  |||gr|||| 001 fdspa d</controlfield>
  <datafield tag="020" ind1=" " ind2=" ">
    <subfield code="a">9789945492026</subfield>
  </datafield>
  <datafield tag="040" ind1=" " ind2=" ">
    <subfield code="a">DO-SdBNP</subfield>
    <subfield code="b">spa</subfield>
    <subfield code="c">BNPHU</subfield>
    <subfield code="e">rda</subfield>
  </datafield>
  <datafield tag="041" ind1=" " ind2=" ">
    <subfield code="h">spa</subfield>
  </datafield>
  <datafield tag="082" ind1=" " ind2="4">
    <subfield code="a">RD863.4</subfield>
    <subfield code="b">S677a</subfield>
    <subfield code="2">22</subfield>
  </datafield>
  <datafield tag="100" ind1="1" ind2=" ">
    <subfield code="9">30269</subfield>
    <subfield code="a">Vega Batlle, Julio </subfield>
    <subfield code="d">1899-1973</subfield>
    <subfield code="e">autor</subfield>
  </datafield>
  <datafield tag="245" ind1="1" ind2="0">
    <subfield code="a">Sobremesa de Anadel : </subfield>
    <subfield code="b">comentarios a la novela de Julio Vega Batlle /</subfield>
  </datafield>
  <datafield tag="264" ind1=" " ind2=" ">
    <subfield code="a">Santo Domingo : </subfield>
    <subfield code="b">Nacional, </subfield>
    <subfield code="c">2012</subfield>
  </datafield>
  <datafield tag="300" ind1=" " ind2=" ">
    <subfield code="a">139 p&#xE1;ginas ;</subfield>
    <subfield code="c">23 cm</subfield>
  </datafield>
  <datafield tag="336" ind1=" " ind2=" ">
    <subfield code="a">rdacontent</subfield>
    <subfield code="b">texto</subfield>
    <subfield code="2">txt</subfield>
  </datafield>
  <datafield tag="337" ind1=" " ind2=" ">
    <subfield code="a">rdamedia </subfield>
    <subfield code="b">sin mediaci&#xF3;n</subfield>
    <subfield code="2">n</subfield>
  </datafield>
  <datafield tag="338" ind1=" " ind2=" ">
    <subfield code="a">rdacarrier</subfield>
    <subfield code="b">volumen</subfield>
    <subfield code="2">nc</subfield>
  </datafield>
  <datafield tag="500" ind1=" " ind2=" ">
    <subfield code="a">Incluye datos del autor en las solapas</subfield>
  </datafield>
  <datafield tag="505" ind1=" " ind2=" ">
    <subfield code="t">Circula una obra p&#xF3;stuma de Julio Vega Batlle</subfield>
    <subfield code="t">A suerte y verdad : un rayo, y se paran las aguas / </subfield>
    <subfield code="r">Freddy Gat&#xF3;n Arce.--</subfield>
    <subfield code="t">"Anadel", la novela de la gastrosof&#xED;a / </subfield>
    <subfield code="r">Jos&#xE9; Luis Parra --
</subfield>
    <subfield code="t">Julio Vega Batlle y Anadel / </subfield>
    <subfield code="r">Manuel Rueda --
</subfield>
    <subfield code="t">Hay cualidades cinematografiables en la novela "Anadel" de Julio Vega Batlle / </subfield>
    <subfield code="r">Carlos Curiel --
</subfield>
    <subfield code="t">Algunos apuntes sobre "Anadel" de Julio Vega Batlle / </subfield>
    <subfield code="r">Marianne de Tolentino --
</subfield>
    <subfield code="t">Anadel : alegor&#xED;a pol&#xED;tica /</subfield>
    <subfield code="r">Juan Tom&#xE1;s Tavares K. --
</subfield>
    <subfield code="t">Cuadernos de lecturas : Anadel / </subfield>
    <subfield code="r">Carlos Esteban Deive --
</subfield>
    <subfield code="t">"Anadel" /</subfield>
    <subfield code="r">Salvador Jorge Blanco --
</subfield>
    <subfield code="t">"Anadel", texto m&#xFA;ltiple /</subfield>
    <subfield code="r">Marianne de Tolentino --
</subfield>
    <subfield code="t">Julio Vega Batlle incluy&#xF3; dos novelas en Anadel / </subfield>
    <subfield code="r">Mar&#xED;a del C. Prosdocimi --
</subfield>
    <subfield code="t">Sin miel ni hiel --
</subfield>
    <subfield code="t">Comentarios culturales /</subfield>
    <subfield code="r">Manuel Mora Serrano --
</subfield>
    <subfield code="t">Editoriales --
</subfield>
    <subfield code="t">Santo Domingo : Anadel, homenaje a Julio Vega Batlle / </subfield>
    <subfield code="r">Pedro J. Borrell-Jueves 68.--
</subfield>
    <subfield code="t">Anadel : paisaje que sirve de fondo a una novela / </subfield>
    <subfield code="r">Mar&#xED;a Ugarte --
</subfield>
    <subfield code="t">Sobre gastrosof&#xED;a : </subfield>
    <subfield code="r">carta de Julio Vega Vatlle a Franklin Mieses Burgos --
</subfield>
    <subfield code="t">Un libro bello e interesante / </subfield>
    <subfield code="r">Pedro Ren&#xE9; Cont&#xED;n Aybar --
</subfield>
    <subfield code="t">Gastronom&#xED;a dominicana : historia del sabor criollo. / </subfield>
    <subfield code="r">Hugo Tolentino Dipp --
</subfield>
    <subfield code="t">Proemio / </subfield>
    <subfield code="r">Jos&#xE9; Rafael Lantingua --
</subfield>
    <subfield code="t">Palabras de Wenceslao Vega agradeciendo la presentaci&#xF3;n de la nueva edici&#xF3;n de la novela "Anadel" de Julio Vega Batlle.</subfield>
  </datafield>
  <datafield tag="590" ind1=" " ind2=" ">
    <subfield code="a">Inventariado 2022 / MF</subfield>
  </datafield>
  <datafield tag="600" ind1=" " ind2="4">
    <subfield code="9">30269</subfield>
    <subfield code="a">Vega Batlle, Julio,</subfield>
    <subfield code="x">Cr&#xED;tica e Interpretaci&#xF3;n</subfield>
    <subfield code="d">1899-1973</subfield>
  </datafield>
  <datafield tag="650" ind1=" " ind2="0">
    <subfield code="a">Literatura dominicana.</subfield>
    <subfield code="9">67</subfield>
  </datafield>
  <datafield tag="910" ind1=" " ind2=" ">
    <subfield code="a">MFeliz/Validado. Control de calidad MFF</subfield>
  </datafield>
  <datafield tag="942" ind1=" " ind2=" ">
    <subfield code="2">ddc</subfield>
    <subfield code="c">LBS1</subfield>
  </datafield>
  <datafield tag="952" ind1=" " ind2=" ">
    <subfield code="0">0</subfield>
    <subfield code="1">0</subfield>
    <subfield code="2">ddc</subfield>
    <subfield code="5">1</subfield>
    <subfield code="7">0</subfield>
    <subfield code="8">PD</subfield>
    <subfield code="a">BNPHU</subfield>
    <subfield code="b">BNPHU</subfield>
    <subfield code="c">HD</subfield>
    <subfield code="d">2018-12-06</subfield>
    <subfield code="e">Donado por Nieves Isidra Emeterio Rond&#xF3;n</subfield>
    <subfield code="o">BNPHU PD RD863.4 S677a</subfield>
    <subfield code="p">2022-3477</subfield>
    <subfield code="r">2022-07-18</subfield>
    <subfield code="w">2022-07-18</subfield>
    <subfield code="y">LBS1</subfield>
  </datafield>
  <datafield tag="952" ind1=" " ind2=" ">
    <subfield code="0">0</subfield>
    <subfield code="1">0</subfield>
    <subfield code="2">ddc</subfield>
    <subfield code="5">1</subfield>
    <subfield code="7">0</subfield>
    <subfield code="8">PD</subfield>
    <subfield code="a">BNPHU</subfield>
    <subfield code="b">BNPHU</subfield>
    <subfield code="c">HD</subfield>
    <subfield code="d">2018-07-02</subfield>
    <subfield code="e">CERTV</subfield>
    <subfield code="o">BNPHU PD RD863.4 S677a</subfield>
    <subfield code="p">2022-5474</subfield>
    <subfield code="r">2022-11-17</subfield>
    <subfield code="t">e. 2</subfield>
    <subfield code="w">2022-07-18</subfield>
    <subfield code="y">LBS1</subfield>
  </datafield>
  <datafield tag="952" ind1=" " ind2=" ">
    <subfield code="0">0</subfield>
    <subfield code="1">0</subfield>
    <subfield code="2">ddc</subfield>
    <subfield code="5">6</subfield>
    <subfield code="7">0</subfield>
    <subfield code="8">DS</subfield>
    <subfield code="a">BNPHU</subfield>
    <subfield code="b">BNPHU</subfield>
    <subfield code="c">CT</subfield>
    <subfield code="d">2025-02-11</subfield>
    <subfield code="e">Donado por la Presidencia de la Rep&#xFA;blica Dominicana 2023</subfield>
    <subfield code="l">0</subfield>
    <subfield code="o">BNPHU DS RD863.4 S677a</subfield>
    <subfield code="p">2025-0922</subfield>
    <subfield code="r">2025-02-11</subfield>
    <subfield code="t">e.3</subfield>
    <subfield code="w">2025-02-11</subfield>
    <subfield code="y">LBS1</subfield>
    <subfield code="z">Pertenecio a la biblioteca de Ren&#xE9; Rodr&#xED;guez Soriano</subfield>
  </datafield>
  <datafield tag="999" ind1=" " ind2=" ">
    <subfield code="c">52186</subfield>
    <subfield code="d">52186</subfield>
  </datafield>
</record>
